[Event "Polva op 29th"]
[Site "Polva"]
[Date "2008.08.16"]
[Round "3"]
[White "Dvorjov, Igor"]
[Black "Sarapik, Kristjan"]
[Result "1-0"]
[WhiteElo "2423"]
[BlackElo "2135"]
[PlyCount "103"]
[EventDate "2008.08.15"]
[EventType "swiss"]
[EventRounds "7"]
[EventCountry "EST"]
[SourceTitle "EXT 2009"]
[Source "ChessBase"]
[SourceDate "2008.11.26"]
[SourceVersion "1"]
[SourceVersionDate "2008.11.26"]
[SourceQuality "1"]

1. Nf3 Nf6 2. g3 b6 3. Bg2 Bb7 4. c4 e6 5. b3 Be7 6. Bb2 0-0 7. 0-0 d6 8. d4 Nbd7 9. Nc3 Ne4 10. Nxe4 Bxe4 11. Re1 c5 12. Qd2 Rc8 13. dxc5 bxc5 14. Nh4 Bxg2 15. Nxg2 Bf6 16. Bxf6 Nxf6 17. e4 Rc6 18. Rad1 Qc7 19. f3 h6 20. Re3 Nd7 21. Ne1 Nb6 22. Rd3 Nc8 23. Nc2 Ra6 24. Ne3 Qa5 25. Qxa5 Rxa5 26. R1d2 Re8 27. Nd1 Kf8 28. Nc3 Ke7 29. f4 Ra6 30. e5 f6 31. Nb5 Rd8 32. Kg2 Rb6 33. exd6+ Nxd6 34. Nxa7 Ra8 35. Nb5 Nxb5 36. Rd7+ Kf8 37. cxb5 Rxb5 38. Rc7 Rba5 39. a4 R5a7 40. Rxc5 Rb8 41. Rd3 Kf7 42. Kf3 Rab7 43. Rcc3 Rb4 44. Ke2 g5 45. Rf3 gxf4 46. gxf4 Rg8 47. Rg3 Rd8 48. Rc7+ Kf8 49. a5 Ra8 50. Rd3 Ke8 51. Rdd7 Rxb3 52. Rh7 1-0